University Home | Library Home | Institutional Repository

Introductory microbiology / (Record no. 164666)

MARC details
000 -LEADER
fixed length control field 01083cam8a220030100 4500
001 - CONTROL NUMBER
control field lce00767760
008 - FIXED-LENGTH DATA ELEMENTS--GENERAL INFORMATION
fixed length control field 720915s1973 nyua b 000 0 eng
010 ## - LIBRARY OF CONGRESS CONTROL NUMBER
LC control number 72008781 //r862
020 ## - INTERNATIONAL STANDARD BOOK NUMBER
International Standard Book Number 0471531553
035 ## - SYSTEM CONTROL NUMBER
System control number (Sirsi) r45256
035 ## - SYSTEM CONTROL NUMBER
System control number (DLC) 72008781 //r862
035 ## - SYSTEM CONTROL NUMBER
System control number (UPRA)lce00767760
040 ## - CATALOGING SOURCE
Modifying agency UPRA
050 0# - LIBRARY OF CONGRESS CALL NUMBER
Classification number QR41.2
Item number .L48
060 ## - NATIONAL LIBRARY OF MEDICINE CALL NUMBER
Classification number QW4 L668i 1973
082 ## - DEWEY DECIMAL CLASSIFICATION NUMBER
Classification number 576
100 1# - MAIN ENTRY--PERSONAL NAME
Personal name Levy, Julia G., 1934-
Dates associated with a name Levy, Julia G., 1934-
Linkage A2916.1
245 10 - TITLE STATEMENT
Title Introductory microbiology /
Statement of responsibility, etc. [by] Julia Levy, Jack J.R. Campbell [and] T. Henry Blackburn.
260 ## - PUBLICATION, DISTRIBUTION, ETC.
Place of publication, distribution, etc. New York :
Name of publisher, distributor, etc. Wiley,
Date of publication, distribution, etc. [1973]
504 ## - BIBLIOGRAPHY, ETC. NOTE
Bibliography, etc. note Includes bibliographies.
650 #0 - SUBJECT ADDED ENTRY--TOPICAL TERM
Topical term or geographic name entry element Microbiology.
Linkage S210.1
650 #2 - SUBJECT ADDED ENTRY--TOPICAL TERM
Topical term or geographic name entry element Microbiology.
Linkage S210.1
700 1# - ADDED ENTRY--PERSONAL NAME
Personal name Campbell, Jack James Ramsay, 1918-
Dates associated with a name Campbell, Jack James Ramsay, 1918-
Linkage A2917.1
700 1# - ADDED ENTRY--PERSONAL NAME
Personal name Blackburn, T. Henry (Thomas Henry), 1933-
Fuller form of name Blackburn, T. Henry (Thomas Henry), 1933-
Dates associated with a name Blackburn, T. Henry (Thomas Henry), 1933-
Linkage A2918.1
949 ## - LOCAL PROCESSING INFORMATION (OCLC)
a QR41.2
w lcc
m MAIN
t BOOK
l ON-SHELF
987 ## - LOCAL ROMANIZATION/CONVERSION HISTORY (OCLC)
Romanization/conversion identifier WITHDRAWN.

No items available.

© 2026 - The University of Zambia Library - Koha v25.11